000 01011nam a22002417a 4500
999 _c989
_d989
005 20200310110136.0
008 200310b ||||| |||| 00| 0 eng d
020 _a9781619630673
040 _cKH8
082 _aFIC MAA
100 _aMaas, Sarah J.
_eauthor
245 _aHeir of fire :
_ba throne of glass novel /
_cSarah J Maas
260 _aNew York, NY :
_bBloomsbury,
_c2015. ©2014.
300 _a565 pages :
_bmap ;
_c21 cm.
440 _aThrone of glass ;
_nBook 3.
500 _aSequel to: Crown of midnight. Includes excerpt from author's next book in the same series, "Queen of Shadows."
520 _aRoyal assassin Celaena must travel to a new land to confront a truth about her heritage, while brutal and monstrous forces are gathering on the horizon, intent on enslaving her world.
650 _aAssassins
_vJuvenile fiction.
650 _aIdentity (Philosophical concept)
_vJuvenile fiction.
650 _aKings and rulers
_vJuvenile fiction.
650 _aFantasy.
942 _2ddc
_cFIC